[Event "Chigorin Memorial-B 10th"]
[Site "St Petersburg"]
[Date "2002.11.02"]
[Round "8"]
[White "Shvedov, Sergey"]
[Black "Pavlov, Aleksandr"]
[Result "1-0"]
[WhiteElo "2351"]
[BlackElo "2301"]
[PlyCount "87"]
[EventDate "2002.10.25"]
[EventType "swiss"]
[EventRounds "9"]
[EventCountry "RUS"]
[SourceTitle "EXT 2003"]
[Source "ChessBase"]
[SourceDate "2002.11.25"]
[SourceVersion "1"]
[SourceVersionDate "2002.11.25"]
[SourceQuality "1"]

1. Nf3 Nf6 2. g3 b6 3. Bg2 Bb7 4. d3 d5 5. a4 Nbd7 6. 0-0 e5 7. Nbd2 Bd6 8. Nh4 g6 9. a5 0-0 10. Nc4 Be7 11. a6 Bc8 12. Bg5 Re8 13. Ne3 Nc5 14. c4 c6 15. cxd5 cxd5 16. Nf3 Qd6 17. d4 exd4 18. Nxd4 Be6 19. Nec2 Rac8 20. Bf4 Qd7 21. Nxe6 fxe6 22. Bh3 Bf8 23. Nd4 Bd6 24. Be3 Qf7 25. f3 Bf8 26. Bf2 Bg7 27. b4 Ncd7 28. Nb5 Qe7 29. Nxa7 Rc7 30. Nb5 Rc4 31. Qd2 Ra8 32. Rfc1 Ne5 33. Nd4 Rxc1+ 34. Qxc1 Qxb4 35. Nxe6 Nc4 36. Qd1 Bh6 37. Nc7 Ra7 38. Nxd5 Qd6 39. Nxf6+ Qxf6 40. Qd5+ Kh8 41. Rd1 Ne3 42. Qd8+ Kg7 43. Rd7+ Rxd7 44. Qxd7+ 1-0

[Event "Chigorin Memorial-B 10th"]
[Site "St Petersburg"]
[Date "2002.10.28"]
[Round "4"]
[White "Shvedov, Sergey"]
[Black "Margolin, Evgenij"]
[Result "1-0"]
[WhiteElo "2351"]
[BlackElo "2206"]
[PlyCount "119"]
[EventDate "2002.10.25"]
[EventType "swiss"]
[EventRounds "9"]
[EventCountry "RUS"]
[SourceTitle "EXT 2003"]
[Source "ChessBase"]
[SourceDate "2002.11.25"]
[SourceVersion "1"]
[SourceVersionDate "2002.11.25"]
[SourceQuality "1"]

1. d4 Nf6 2. Nf3 g6 3. c4 Bg7 4. g3 0-0 5. Bg2 d6 6. 0-0 Nbd7 7. Nc3 e5 8. e4 exd4 9. Nxd4 Re8 10. h3 Nc5 11. Re1 a5 12. Rb1 a4 13. b4 axb3 14. axb3 Nfd7 15. b4 Na6 16. Be3 Ne5 17. Bf1 Nxb4 18. Rxb4 c5 19. Rb3 cxd4 20. Bxd4 Bd7 21. Nb5 Bxb5 22. Rxb5 Qc8 23. Bxe5 dxe5 24. Qd5 Rb8 25. c5 Rd8 26. Qb3 Bf8 27. Rc1 Qc7 28. Bc4 Kg7 29. Bd5 b6 30. Rxb6 Rxb6 31. Qxb6 Rc8 32. Qxc7 Rxc7 33. c6 Bd6 34. Ra1 Bc5 35. Kf1 Ba7 36. Ke2 Kf8 37. f4 f6 38. fxe5 fxe5 39. Kf3 Ke7 40. Ra3 Kf6 41. Kg4 Re7 42. Kf3 Rc7 43. Ke2 Ke7 44. Kd3 Kd6 45. Kc4 Re7 46. Rf3 Kc7 47. Kb5 Bd4 48. Rf8 Be3 49. Ka6 Bd4 50. Kb5 Kd6 51. Rf6+ Kc7 52. Kc4 Be3 53. Rf8 Bh6 54. Rf3 Kd6 55. Kb5 Kc7 56. Ra3 Kd6 57. Kb6 Rc7 58. Rd3 Rc8 59. Bb3+ Ke7 60. Rd7+ 1-0

[Event "Chigorin Memorial-B 10th"]
[Site "St Petersburg"]
[Date "2002.10.25"]
[Round "1"]
[White "Ivkina, Olga"]
[Black "Shvedov, Sergey"]
[Result "1/2-1/2"]
[WhiteElo "2205"]
[BlackElo "2351"]
[PlyCount "71"]
[EventDate "2002.10.25"]
[EventType "swiss"]
[EventRounds "9"]
[EventCountry "RUS"]
[SourceTitle "EXT 2003"]
[Source "ChessBase"]
[SourceDate "2002.11.25"]
[SourceVersion "1"]
[SourceVersionDate "2002.11.25"]
[SourceQuality "1"]

1. e4 c5 2. Nf3 Nc6 3. Bb5 g6 4. 0-0 Bg7 5. Re1 Nf6 6. e5 Nd5 7. Nc3 Nc7 8. Bxc6 dxc6 9. Ne4 b6 10. Nf6+ Kf8 11. Ne4 c4 12. b3 cxb3 13. axb3 h6 14. d4 Bg4 15. Ba3 Kg8 16. c4 Qd7 17. h3 Be6 18. Qd2 Kh7 19. Rad1 Rad8 20. Qf4 Bf5 21. Qh4 Bxe4 22. Ng5+ Kg8 23. Nxe4 g5 24. Qg3 Ne6 25. h4 Nxd4 26. Rxd4 Qxd4 27. Bxe7 Bxe5 28. Qxe5 Qxe5 29. Nf6+ Qxf6 30. Bxf6 Kh7 31. Bxh8 Kxh8 32. hxg5 hxg5 33. Re7 Kg7 34. Rxa7 Rd1+ 35. Kh2 Rb1 36. Rb7 1/2-1/2

[Event "Chigorin Memorial 09th"]
[Site "St Petersburg"]
[Date "2001.10.26"]
[Round "1"]
[White "Shvedov, Sergey"]
[Black "Korotylev, Alexey"]
[Result "0-1"]
[WhiteElo "2334"]
[BlackElo "2577"]
[PlyCount "167"]
[EventDate "2001.10.26"]
[EventType "swiss"]
[EventRounds "9"]
[EventCountry "RUS"]
[SourceTitle "EXT 2002"]
[Source "ChessBase"]
[SourceDate "2001.11.25"]
[SourceVersion "1"]
[SourceVersionDate "2001.11.25"]
[SourceQuality "1"]

1. Nf3 Nf6 2. d4 d5 3. c4 c6 4. cxd5 cxd5 5. Nc3 Nc6 6. Bf4 Bf5 7. e3 e6 8. Bd3 Bxd3 9. Qxd3 Be7 10. 0-0 0-0 11. h3 Nd7 12. Bg3 Rc8 13. Rfc1 Nb6 14. Qe2 Qd7 15. Rd1 Bb4 16. Rac1 a6 17. Nd2 Na5 18. Ndb1 Nac4 19. b3 Na3 20. Nxa3 Bxa3 21. Rc2 Qe7 22. Qd3 Rc6 23. Ne2 Rxc2 24. Qxc2 Rc8 25. Qd3 Qe8 26. Rd2 Qc6 27. f3 Nd7 28. e4 Nf6 29. e5 Nd7 30. f4 f5 31. Bf2 Bb4 32. Rb2 b5 33. Be3 Nf8 34. g4 g6 35. Ng3 Kf7 36. Ne2 Ba3 37. Rd2 Rc7 38. Rd1 Ke8 39. Bc1 Be7 40. Be3 Ba3 41. Bc1 Be7 42. g5 Nd7 43. Be3 Ba3 44. Bc1 Be7 45. Be3 Nb8 46. Rc1 Qb6 47. Rxc7 Qxc7 48. Bd2 Nc6 49. Kf1 Kd7 50. Ke1 Qa7 51. Kd1 Bd8 52. Bc3 Bb6 53. Kc1 Kc8 54. Kb1 Kb7 55. h4 b4 56. Bb2 Qb8 57. Qd1 Qf8 58. Qh1 Qf7 59. Kc2 h6 60. Kd3 Qh7 61. Qh3 Bd8 62. Qg3 Na7 63. Qe1 Be7 64. Qf2 Qh8 65. Qg3 a5 66. Kc2 Nb5 67. Qd3 Kb6 68. Qg3 Qc8+ 69. Kb1 h5 70. Qd3 Qa6 71. Qc2 Na7 72. Bc1 Nc6 73. Bb2 Qb5 74. Bc1 Kb7 75. Bb2 Bd8 76. Qd1 Bb6 77. Ba1 a4 78. Bb2 Qa6 79. Kc2 Qa7 80. Qd3 Qa5 81. Kb1 Na7 82. Bc1 Nb5 83. Bb2 Qa6 84. Kc1 0-1

[Event "Severstal 45 Jubilee"]
[Site "Cherepovets"]
[Date "2000.??.??"]
[Round "6"]
[White "Shvedov, Sergey"]
[Black "Nekrasov, Vladimir"]
[Result "0-1"]
[WhiteElo "2340"]
[BlackElo "2382"]
[PlyCount "68"]
[EventDate "2000.??.??"]
[EventType "tourn"]
[EventRounds "13"]
[EventCountry "RUS"]
[SourceTitle "EXT 2001"]
[Source "ChessBase"]
[SourceDate "2000.11.22"]
[SourceVersion "1"]
[SourceVersionDate "2000.11.22"]
[SourceQuality "1"]

1. d4 d5 2. c4 c6 3. cxd5 cxd5 4. Nc3 Nf6 5. Bf4 Nc6 6. e3 Qb6 7. Bd3 e6 8. Nge2 Nh5 9. Be5 Bb4 10. 0-0 a6 11. a3 Be7 12. e4 dxe4 13. Bxe4 Nf6 14. Bc2 0-0 15. Qd3 g6 16. Bf4 Rd8 17. Be3 Qc7 18. Bb3 e5 19. d5 Na5 20. Ba2 Bf5 21. Qd1 Nc4 22. Bg5 Rac8 23. Rc1 Nxb2 24. Qb3 Nc4 25. Rfd1 b5 26. Nxb5 axb5 27. Qxb5 Nxa3 28. Rxc7 Nxb5 29. Rxe7 Ne4 30. Be3 Nec3 31. Nxc3 Nxc3 32. Rd2 Ra8 33. Ra7 Rxa7 34. Bxa7 Ra8 0-1

[Event "Chigorin Memorial 07th"]
[Site "St Petersburg"]
[Date "1999.11.03"]
[Round "2"]
[White "Shvedov, Sergey"]
[Black "Zakharevich, Igor"]
[Result "0-1"]
[WhiteElo "2340"]
[BlackElo "2523"]
[PlyCount "74"]
[EventDate "1999.11.02"]
[EventType "swiss"]
[EventRounds "9"]
[EventCountry "RUS"]
[SourceTitle "CBM 074"]
[Source "ChessBase"]
[SourceDate "2000.02.01"]
[SourceVersion "1"]
[SourceVersionDate "2000.02.01"]
[SourceQuality "1"]

1. d4 g6 2. Nf3 Bg7 3. c4 Nf6 4. g3 0-0 5. Bg2 d6 6. 0-0 Nbd7 7. Qc2 e5 8. Rd1 Qe7 9. Nc3 c6 10. e4 exd4 11. Nxd4 Re8 12. Bf4 Ne5 13. b3 Nfd7 14. h3 Nc5 15. Rac1 a5 16. a3 Qf6 17. Be3 a4 18. Nxa4 Nxa4 19. bxa4 Nd7 20. Nf3 Qe7 21. Bf4 Ne5 22. Nd4 Ra6 23. Kh1 c5 24. Nb5 Be6 25. Bxe5 Bxe5 26. f4 Bg7 27. Rd2 Rea8 28. f5 Bd7 29. Rcd1 Be5 30. g4 Bxb5 31. cxb5 Rxa4 32. fxg6 hxg6 33. Rf1 Rxa3 34. Rdf2 Qh4 35. Qc4 Qg3 36. Qxf7+ Kh8 37. Rf4 Ra2 0-1

[Event "Novgorod op"]
[Site "Novgorod"]
[Date "1999.03.26"]
[Round "8"]
[White "Shvedov, Sergey"]
[Black "Karpatchev, Aleksandr"]
[Result "0-1"]
[WhiteElo "2331"]
[BlackElo "2477"]
[PlyCount "98"]
[EventDate "1999.03.19"]
[EventType "swiss"]
[EventRounds "10"]
[EventCountry "RUS"]
[SourceTitle "CBM 069 Extra"]
[Source "ChessBase"]
[SourceDate "1999.05.10"]
[SourceVersion "1"]
[SourceVersionDate "1999.05.10"]
[SourceQuality "1"]

1. Nf3 d5 2. g3 g6 3. Bg2 Bg7 4. 0-0 e5 5. d3 Nc6 6. e4 Nf6 7. Nbd2 0-0 8. exd5 Nxd5 9. Re1 Re8 10. Nc4 h6 11. c3 a5 12. a4 Bf5 13. Nh4 Be6 14. Nf3 f6 15. Ne3 Kh7 16. d4 e4 17. Nd2 Nxe3 18. Rxe3 f5 19. Re1 Qd7 20. Nf1 Qf7 21. Be3 Rad8 22. Qc1 Ne7 23. f3 exf3 24. Bxf3 Nd5 25. Bf2 f4 26. Nd2 Bh3 27. Re4 Rxe4 28. Bxe4 Re8 29. Qc2 Nf6 30. Bf3 Ng4 31. Re1 Nxf2 32. Kxf2 Bf5 33. Qb3 fxg3+ 34. hxg3 Qxb3 35. Nxb3 Rxe1 36. Kxe1 b6 37. Nd2 Bf8 38. Ne4 Kg7 39. g4 Be6 40. Nd2 Bd6 41. d5 Bd7 42. b3 Kf6 43. Ke2 Ke5 44. Ke3 Bc5+ 45. Kd3 Kf4 46. Be4 g5 47. Nf3 Bxg4 48. Nd4 Bxd4 49. Kxd4 Bd1 0-1

[Event "Novgorod op"]
[Site "Novgorod"]
[Date "1999.03.23"]
[Round "5"]
[White "Shvedov, Sergey"]
[Black "Chepukaitis, Genrikh"]
[Result "1/2-1/2"]
[WhiteElo "2331"]
[BlackElo "2415"]
[PlyCount "108"]
[EventDate "1999.03.19"]
[EventType "swiss"]
[EventRounds "10"]
[EventCountry "RUS"]
[SourceTitle "CBM 069 Extra"]
[Source "ChessBase"]
[SourceDate "1999.05.10"]
[SourceVersion "1"]
[SourceVersionDate "1999.05.10"]
[SourceQuality "1"]

1. d4 Nf6 2. c4 e6 3. Nc3 Bb4 4. e3 c5 5. Nge2 d6 6. a3 Ba5 7. g3 Qc7 8. Qd3 b5 9. Bg2 Bb7 10. 0-0 bxc4 11. Qxc4 Bxg2 12. Kxg2 Bxc3 13. Nxc3 Qc6+ 14. f3 cxd4 15. Qxd4 d5 16. Qa4 a5 17. Bd2 0-0 18. Qxc6 Nxc6 19. Na4 Ne5 20. b3 Rfb8 21. Rab1 Nd3 22. Rfd1 Nd7 23. Kf1 f6 24. Ke2 N3c5 25. Nxc5 Nxc5 26. b4 axb4 27. Bxb4 Na4 28. e4 dxe4 29. fxe4 Rb5 30. Rbc1 Ra7 31. Rc6 Re5 32. Kf3 Kf7 33. Rdc1 Kg6 34. Rc7 Ra8 35. Rd1 f5 36. exf5+ Rxf5+ 37. Ke4 Rf2 38. Rcd7 Rg8 39. h3 Rh2 40. h4 h5 41. Ra7 Nb6 42. Rd6 Nd5 43. Rxe6+ Nf6+ 44. Kf4 Rc8 45. Ra5 Rc7 46. Kf3 Rcc2 47. Rg5+ Kh7 48. Re7 Kh8 49. Bc5 Rc3+ 50. Re3 Rc1 51. Re2 Rc3+ 52. Re3 Rc1 53. Re2 Rc3+ 54. Re3 Rc1 1/2-1/2

[Event "Novgorod op"]
[Site "Novgorod"]
[Date "1999.03.19"]
[Round "1"]
[White "Yemelin, Vasily"]
[Black "Shvedov, Sergey"]
[Result "1-0"]
[WhiteElo "2550"]
[BlackElo "2331"]
[PlyCount "81"]
[EventDate "1999.03.19"]
[EventType "swiss"]
[EventRounds "10"]
[EventCountry "RUS"]
[SourceTitle "CBM 069 Extra"]
[Source "ChessBase"]
[SourceDate "1999.05.10"]
[SourceVersion "1"]
[SourceVersionDate "1999.05.10"]
[SourceQuality "1"]

1. e4 c5 2. Nf3 Nc6 3. Bb5 g6 4. Bxc6 dxc6 5. d3 Bg7 6. h3 Nf6 7. Nc3 c4 8. dxc4 Qxd1+ 9. Kxd1 Be6 10. c5 0-0-0+ 11. Ke1 Nd7 12. Be3 Ne5 13. Nd4 Nc4 14. Nxe6 fxe6 15. Nd1 Nxe3 16. fxe3 Rhf8 17. Rb1 Be5 18. Ke2 Bg3 19. h4 Rf7 20. Rh3 Bc7 21. Nf2 Rg8 22. Rf3 Rxf3 23. gxf3 Bg3 24. Rh1 Bxf2 25. Kxf2 e5 26. Rd1 h6 27. Kg3 Rf8 28. Rd3 Kc7 29. Ra3 a6 30. Rd3 Kc8 31. Kg4 Kc7 32. Rd2 Kc8 33. f4 exf4 34. exf4 Rf7 35. e5 Rf5 36. Rg2 Rf8 37. Kf3 Rg8 38. e6 h5 39. Ke3 Kc7 40. f5 Kd8 41. fxg6 1-0

[Event "Chigorin Memorial 06th"]
[Site "St Petersburg"]
[Date "1998.10.31"]
[Round "1"]
[White "Shvedov, Sergey"]
[Black "Kharitonov, Andrei Y"]
[Result "1/2-1/2"]
[WhiteElo "2345"]
[BlackElo "2570"]
[PlyCount "43"]
[EventDate "1998.10.31"]
[EventType "swiss"]
[EventRounds "9"]
[EventCountry "RUS"]
[SourceTitle "CBM 067 Extra"]
[Source "ChessBase"]
[SourceDate "1999.01.01"]
[SourceVersion "1"]
[SourceVersionDate "1999.01.01"]
[SourceQuality "1"]

1. d4 Nf6 2. Nf3 d5 3. c4 e6 4. Nc3 Be7 5. cxd5 exd5 6. Bg5 c6 7. Qc2 g6 8. e3 Bf5 9. Bd3 Bxd3 10. Qxd3 Nbd7 11. 0-0 0-0 12. a3 Re8 13. Bxf6 Nxf6 14. b4 a6 15. Rfc1 Bd6 16. Na4 Ne4 17. Nc5 Qe7 18. Qb3 Rad8 19. Rab1 Bxc5 20. bxc5 Rd7 21. Qd3 f6 22. Rb3 1/2-1/2

[Event "RUS-ch sf"]
[Site "Tula"]
[Date "1998.??.??"]
[Round "8"]
[White "Izrailev, Alexander"]
[Black "Shvedov, Sergey"]
[Result "1-0"]
[WhiteElo "2340"]
[BlackElo "2345"]
[PlyCount "123"]
[EventDate "1998.??.??"]
[EventType "swiss"]
[EventRounds "9"]
[EventCountry "RUS"]
[SourceTitle "EXT 2000"]
[Source "ChessBase"]
[SourceDate "1999.11.16"]
[SourceVersion "1"]
[SourceVersionDate "1999.11.16"]
[SourceQuality "1"]

1. e4 c5 2. Nf3 Nc6 3. d4 cxd4 4. Nxd4 Nf6 5. Nc3 d6 6. Be2 e5 7. Nf3 h6 8. 0-0 Be7 9. h3 0-0 10. Re1 Be6 11. Bf1 Rc8 12. Nd5 Bxd5 13. exd5 Nb8 14. c4 Nbd7 15. b4 Re8 16. Be3 Bf8 17. Rc1 a6 18. Qb3 g6 19. Rc2 b6 20. Rec1 Ra8 21. a3 Qb8 22. Rb2 Rc8 23. Qd1 Qc7 24. Ne1 Qd8 25. Rbc2 Ne8 26. f4 Bg7 27. Nf3 exf4 28. Bxf4 a5 29. Nd4 axb4 30. axb4 Qf6 31. Be3 Ra3 32. Bf2 Qg5 33. Rc3 Rca8 34. Rxa3 Rxa3 35. Ra1 Rxa1 36. Qxa1 Nef6 37. Nf3 Qf4 38. Qe1 Ne4 39. Be3 Qf5 40. Bd3 Ne5 41. Nxe5 Qxe5 42. Bxb6 f5 43. b5 Qb2 44. Bxe4 Bd4+ 45. Bxd4 Qxd4+ 46. Qf2 Qxe4 47. b6 g5 48. Kh2 Qe5+ 49. g3 Qe7 50. Qxf5 Qe2+ 51. Kg1 Qe1+ 52. Kg2 Qe2+ 53. Qf2 Qxc4 54. Qb2 Qxd5+ 55. Kh2 Qb7 56. Qb5 Kg7 57. Qa5 Kg6 58. Qa7 Qf3 59. Qa2 Qc6 60. Qb1+ Kf7 61. b7 Qc3 62. Qa2+ 1-0